[Event "Karvina op"]
[Site "Karvina"]
[Date "2012.07.08"]
[Round "9"]
[White "Misiuga, Andrzej"]
[Black "Milat, Patrik"]
[Result "1/2-1/2"]
[WhiteElo "2218"]
[BlackElo "1941"]
[PlyCount "98"]
[EventDate "2012.06.30"]
[EventType "swiss"]
[EventRounds "9"]
[EventCountry "CZE"]
[SourceTitle "EXT 2014"]
[Source "ChessBase"]
[SourceDate "2013.11.20"]
[SourceVersion "1"]
[SourceVersionDate "2013.11.20"]
[SourceQuality "1"]

1. Nf3 d5 2. c4 e6 3. d4 Nf6 4. Nc3 c6 5. Qd3 g6 6. g3 Bg7 7. Bg2 0-0 8. 0-0 Nbd7 9. Rd1 Nb6 10. b3 Qe7 11. c5 Nbd7 12. Bf4 Ne8 13. e4 f6 14. exd5 cxd5 15. Re1 Qf7 16. h4 a6 17. Rad1 b5 18. b4 Bb7 19. Bh3 e5 20. Bxd7 e4 21. Bh3 g5 22. hxg5 Qh5 23. Qf1 Qxf3 24. Re3 Qh5 25. Be6+ Kh8 26. Qh3 Qxh3 27. Bxh3 f5 28. Bf1 Bc6 29. Ne2 a5 30. Ra3 Rf7 31. Bd2 a4 32. Be3 Nc7 33. Nf4 Rd7 34. Bh3 Rf7 35. g6 Rff8 36. gxh7 Kxh7 37. Kg2 Rae8 38. Rh1 Kg8 39. Rc3 Bh6 40. Bxf5 Bxf4 41. Bh7+ Kg7 42. gxf4 Rh8 43. Bf5 Rxh1 44. Kxh1 Kf6 45. Bh3 Ne6 46. Bxe6 Kxe6 47. Kg2 Kf5 48. Rc1 Rh8 49. Bd2 Be8 1/2-1/2

[Event "Karvina op"]
[Site "Karvina"]
[Date "2012.07.04"]
[Round "5"]
[White "Misiuga, Andrzej"]
[Black "Vysoglad, Petr"]
[Result "1-0"]
[WhiteElo "2218"]
[BlackElo "2063"]
[PlyCount "83"]
[EventDate "2012.06.30"]
[EventType "swiss"]
[EventRounds "9"]
[EventCountry "CZE"]
[SourceTitle "EXT 2014"]
[Source "ChessBase"]
[SourceDate "2013.11.20"]
[SourceVersion "1"]
[SourceVersionDate "2013.11.20"]
[SourceQuality "1"]

1. d4 Nf6 2. Nf3 e6 3. c4 d5 4. Nc3 Be7 5. Bg5 0-0 6. e3 c6 7. Qc2 Nbd7 8. Rc1 Re8 9. a3 h6 10. Bf4 dxc4 11. Bxc4 Nb6 12. Ba2 Nbd5 13. Bg3 Nxc3 14. bxc3 Bxa3 15. Rd1 Qb6 16. Bb1 Qb2 17. Qd3 Qb5 18. c4 Qb4+ 19. Rd2 g6 20. 0-0 Qf8 21. c5 Bb4 22. Bd6 Qg7 23. Be5 b6 24. Ra2 Bb7 25. Qb3 a5 26. cxb6 c5 27. dxc5 Bxc5 28. Qc3 Bb4 29. Qa1 Be7 30. Rxa5 Rxa5 31. Qxa5 Qf8 32. Qa7 Bxf3 33. gxf3 Ra8 34. Qb7 Ra5 35. f4 Nd5 36. Be4 Bf6 37. Rc1 Rc5 38. Ra1 Kg7 39. Ra8 Qe7 40. Bxd5 Rc1+ 41. Kg2 Qc5 42. Bxe6 1-0

[Event "Karvina op"]
[Site "Karvina"]
[Date "2012.07.03"]
[Round "4"]
[White "Labedz, Patrycja"]
[Black "Misiuga, Andrzej"]
[Result "1/2-1/2"]
[WhiteElo "2127"]
[BlackElo "2218"]
[PlyCount "73"]
[EventDate "2012.06.30"]
[EventType "swiss"]
[EventRounds "9"]
[EventCountry "CZE"]
[SourceTitle "EXT 2014"]
[Source "ChessBase"]
[SourceDate "2013.11.20"]
[SourceVersion "1"]
[SourceVersionDate "2013.11.20"]
[SourceQuality "1"]

1. d4 Nf6 2. c4 c5 3. d5 b5 4. Nf3 g6 5. Bg5 Ne4 6. Bf4 d6 7. Nbd2 Qa5 8. Ng5 Nxg5 9. Bxg5 Bg7 10. e4 h6 11. Bf4 Ba6 12. cxb5 Bxb5 13. Bxb5+ Qxb5 14. Rb1 Nd7 15. Qe2 a6 16. Nc4 Nb6 17. Na3 Qxe2+ 18. Kxe2 g5 19. Bd2 a5 20. Bc3 0-0 21. Kd3 f5 22. f3 fxe4+ 23. fxe4 Rf2 24. Rhg1 a4 25. Nc4 Nxc4 26. Kxc4 a3 27. Bxg7 Kxg7 28. bxa3 Rxa3 29. e5 dxe5 30. Rge1 Rc2+ 31. Kb5 Kf6 32. Rf1+ Kg7 33. Rbe1 Rb2+ 34. Kc6 Ra6+ 35. Kxc5 Ra3 36. Kc6 Rc2+ 37. Kd7 1/2-1/2

[Event "Karvina op"]
[Site "Karvina"]
[Date "2012.07.02"]
[Round "3"]
[White "Misiuga, Andrzej"]
[Black "Polak, Radim"]
[Result "1-0"]
[WhiteElo "2218"]
[BlackElo "1946"]
[PlyCount "49"]
[EventDate "2012.06.30"]
[EventType "swiss"]
[EventRounds "9"]
[EventCountry "CZE"]
[SourceTitle "EXT 2014"]
[Source "ChessBase"]
[SourceDate "2013.11.20"]
[SourceVersion "1"]
[SourceVersionDate "2013.11.20"]
[SourceQuality "1"]

1. Nf3 d5 2. g3 c5 3. Bg2 Nc6 4. d4 Bf5 5. 0-0 e6 6. c4 Nf6 7. Nc3 Be7 8. Bg5 0-0 9. dxc5 dxc4 10. Qa4 Qa5 11. Qxa5 Nxa5 12. e4 Bg4 13. Ne5 Bh5 14. g4 Bg6 15. h4 h6 16. Be3 Rac8 17. f4 Rfd8 18. f5 exf5 19. exf5 Bh7 20. g5 Bxc5 21. Rae1 Bxe3+ 22. Rxe3 hxg5 23. hxg5 Nd7 24. g6 fxg6 25. Bd5+ 1-0

[Event "Karvina op"]
[Site "Karvina"]
[Date "2011.07.07"]
[Round "6"]
[White "Misiuga, Andrzej"]
[Black "Kolar, Stanislav"]
[Result "1-0"]
[WhiteElo "2219"]
[BlackElo "2046"]
[PlyCount "103"]
[EventDate "2011.07.02"]
[EventType "swiss"]
[EventRounds "9"]
[EventCountry "CZE"]
[SourceTitle "CBM 143 Extra"]
[Source "ChessBase"]
[SourceDate "2011.08.29"]
[SourceVersion "1"]
[SourceVersionDate "2011.08.29"]
[SourceQuality "1"]

1. d4 Nf6 2. c4 e6 3. g3 Nc6 4. Bg2 d5 5. Nf3 Bb4+ 6. Bd2 Bxd2+ 7. Nbxd2 0-0 8. 0-0 Ne4 9. Rc1 f5 10. e3 a5 11. Qc2 a4 12. a3 Bd7 13. Rfd1 Qf6 14. Ne5 Be8 15. Nxc6 bxc6 16. Nb1 Nd6 17. cxd5 cxd5 18. Qxc7 Ne4 19. f3 Ng5 20. h4 Nf7 21. Qb7 Qd8 22. Qc7 Nd6 23. Nd2 Rf7 24. Qxd8 Rxd8 25. e4 Rb7 26. exd5 exd5 27. Rc5 Bf7 28. f4 Ne4 29. Nxe4 fxe4 30. Rd2 Rb3 31. Kh2 e3 32. Rdc2 Kf8 33. g4 Rd3 34. R5c3 Rxd4 35. Rxe3 Rxf4 36. Kg3 Rf6 37. Rd2 d4 38. Rf3 Rb6 39. Rf4 Rbd6 40. Be4 Ke7 41. Bc2 Be8 42. Re4+ Kf7 43. Bd3 Bc6 44. Bc4+ Kf8 45. Rf4+ Rf6 46. g5 Rxf4 47. Kxf4 h6 48. Ke5 hxg5 49. hxg5 Ra8 50. Kd6 Bb7 51. Rf2+ Ke8 52. Bb5+ 1-0

[Event "Karvina op"]
[Site "Karvina"]
[Date "2011.07.06"]
[Round "5"]
[White "Dubiel, Jacek"]
[Black "Misiuga, Andrzej"]
[Result "1-0"]
[WhiteElo "2416"]
[BlackElo "2219"]
[PlyCount "67"]
[EventDate "2011.07.02"]
[EventType "swiss"]
[EventRounds "9"]
[EventCountry "CZE"]
[SourceTitle "CBM 143 Extra"]
[Source "ChessBase"]
[SourceDate "2011.08.29"]
[SourceVersion "1"]
[SourceVersionDate "2011.08.29"]
[SourceQuality "1"]

1. e4 c6 2. Nc3 d5 3. Nf3 Bg4 4. h3 Bxf3 5. Qxf3 Nf6 6. g3 e6 7. Bg2 Bb4 8. e5 Nfd7 9. Qg4 Bf8 10. f4 h5 11. Qe2 g6 12. 0-0 Qb6+ 13. Kh2 c5 14. a4 Nc6 15. a5 Qa6 16. Nb5 0-0-0 17. c4 Nd4 18. Nxd4 cxd4 19. d3 dxc4 20. dxc4 Nb8 21. Bd2 Nc6 22. b4 d3 23. Qf2 Nxb4 24. Bxb4 Bxb4 25. Rfb1 Qxc4 26. Rc1 Bc3 27. Ra3 d2 28. Rcxc3 Kb8 29. Rxc4 d1Q 30. Rb4 Rd7 31. a6 b6 32. Rxb6+ axb6 33. Qxb6+ Kc8 34. Ra1 1-0

[Event "Karvina op"]
[Site "Karvina"]
[Date "2011.07.05"]
[Round "4"]
[White "Misiuga, Andrzej"]
[Black "Stehlik, Jiri"]
[Result "1-0"]
[WhiteElo "2219"]
[BlackElo "2015"]
[PlyCount "57"]
[EventDate "2011.07.02"]
[EventType "swiss"]
[EventRounds "9"]
[EventCountry "CZE"]
[SourceTitle "CBM 143 Extra"]
[Source "ChessBase"]
[SourceDate "2011.08.29"]
[SourceVersion "1"]
[SourceVersionDate "2011.08.29"]
[SourceQuality "1"]

1. d4 Nf6 2. c4 d6 3. Nc3 Nbd7 4. e4 e5 5. Nf3 Be7 6. Be2 0-0 7. 0-0 c6 8. Be3 a6 9. Ne1 b5 10. Nc2 Bb7 11. cxb5 cxb5 12. d5 Nb6 13. a4 bxa4 14. Nxa4 Nfd7 15. Nxb6 Nxb6 16. Qd2 Nd7 17. b4 h6 18. Ra2 Bg5 19. Rfa1 f5 20. exf5 Nb6 21. Bxg5 Qxg5 22. Ne3 Rab8 23. Bxa6 Bxa6 24. Rxa6 Rxf5 25. Qc2 Rf7 26. Rxb6 Rxb6 27. Ra8+ Rf8 28. Rxf8+ Kxf8 29. Qc8+ 1-0

[Event "Karvina op"]
[Site "Karvina"]
[Date "2011.07.02"]
[Round "1"]
[White "Fuskova, Martina"]
[Black "Misiuga, Andrzej"]
[Result "0-1"]
[WhiteElo "1677"]
[BlackElo "2219"]
[PlyCount "118"]
[EventDate "2011.07.02"]
[EventType "swiss"]
[EventRounds "9"]
[EventCountry "CZE"]
[SourceTitle "CBM 143 Extra"]
[Source "ChessBase"]
[SourceDate "2011.08.29"]
[SourceVersion "1"]
[SourceVersionDate "2011.08.29"]
[SourceQuality "1"]

1. e4 c6 2. d4 d5 3. Nc3 dxe4 4. Nxe4 Nf6 5. Nxf6+ gxf6 6. Nf3 Rg8 7. Bf4 Qb6 8. b3 Bg4 9. Be2 Qa5+ 10. Qd2 Qxd2+ 11. Kxd2 Nd7 12. Rad1 0-0-0 13. Kc1 e6 14. Kb2 Bb4 15. c3 Ba5 16. h3 Bh5 17. g4 Bg6 18. Rhg1 h5 19. g5 Bc7 20. Bxc7 Kxc7 21. gxf6 Kd6 22. Rg5 Nxf6 23. Ne5 Ne4 24. Rg2 Bf5 25. Rdg1 Rxg2 26. Rxg2 Ke7 27. Rg7 Nd6 28. Bxh5 Rh8 29. Be2 Rxh3 30. c4 Kf8 31. Rg2 Be4 32. f3 Bh7 33. a3 Nf5 34. Kc3 Ne3 35. Rf2 Rh1 36. Kb4 Ke7 37. Bd3 Bf5 38. Re2 Bxd3 39. Nxd3 Nf5 40. Kc3 Rf1 41. Rf2 Ra1 42. Kb2 Rd1 43. Kc3 Ra1 44. Kb2 Rh1 45. Kc3 Rh4 46. f4 Rh3 47. Re2 Kd6 48. Rg2 Nh4 49. c5+ Kd5 50. Re2 f6 51. Kc2 Kxd4 52. Rd2 Ke3 53. Rd1 Nf3 54. Kc3 Ke2 55. Rc1 e5 56. fxe5 fxe5 57. Rc2+ Ke3 58. Kc4 Nd4 59. Rc3 Ne2 0-1

[Event "Karvina op"]
[Site "Karvina"]
[Date "2010.07.10"]
[Round "8"]
[White "Misiuga, Andrzej"]
[Black "Trombik, Karel"]
[Result "1/2-1/2"]
[WhiteElo "2200"]
[BlackElo "2065"]
[PlyCount "82"]
[EventDate "2010.07.03"]
[EventType "swiss"]
[EventRounds "9"]
[EventCountry "CZE"]
[SourceTitle "EXT 2011"]
[Source "ChessBase"]
[SourceDate "2010.11.26"]
[SourceVersion "1"]
[SourceVersionDate "2010.11.26"]
[SourceQuality "1"]

1. d4 Nf6 2. c4 e6 3. Nc3 Bb4 4. e3 0-0 5. Bd3 d5 6. Nf3 Nbd7 7. 0-0 b6 8. cxd5 exd5 9. Qa4 Bxc3 10. bxc3 Bb7 11. Bf5 Re8 12. Ba3 a6 13. Rfe1 g6 14. Bh3 b5 15. Qc2 Bc8 16. Nd2 Nb6 17. Bxc8 Qxc8 18. f3 Qd7 19. Re2 Nh5 20. Rae1 f5 21. g3 Nf6 22. e4 fxe4 23. fxe4 Nc4 24. Nxc4 bxc4 25. e5 Ne4 26. Rxe4 dxe4 27. Qxe4 Rad8 28. e6 Qd5 29. Qg4 Rb8 30. e7 Qf5 31. Qe2 Qd5 32. Rf1 Kg7 33. Qf2 Qf5 34. Qe1 Qd5 35. Bc5 Rb2 36. Qe5+ Qxe5 37. dxe5 Rb5 38. Rf8 Rxc5 39. Rxe8 Rxe5 40. Ra8 Rxe7 41. Rxa6 Re3 1/2-1/2

[Event "Karvina op"]
[Site "Karvina"]
[Date "2010.07.08"]
[Round "6"]
[White "Misiuga, Andrzej"]
[Black "Worek, Joanna"]
[Result "1/2-1/2"]
[WhiteElo "2200"]
[BlackElo "2295"]
[PlyCount "65"]
[EventDate "2010.07.03"]
[EventType "swiss"]
[EventRounds "9"]
[EventCountry "CZE"]
[SourceTitle "EXT 2011"]
[Source "ChessBase"]
[SourceDate "2010.11.26"]
[SourceVersion "1"]
[SourceVersionDate "2010.11.26"]
[SourceQuality "1"]

1. d4 Nf6 2. c4 e6 3. g3 Be7 4. Bg2 d5 5. Nf3 0-0 6. 0-0 c6 7. Qc2 Ne4 8. Nc3 Nxc3 9. bxc3 Nd7 10. Qb3 Bf6 11. cxd5 exd5 12. e4 dxe4 13. Nd2 Nb6 14. Nxe4 Be6 15. Nxf6+ Qxf6 16. Qb4 Bd5 17. a4 Bxg2 18. Kxg2 Nd5 19. Qb3 Qe6 20. Qc2 b5 21. Qd3 a6 22. Bd2 Nb6 23. axb5 axb5 24. Qf3 h6 25. h4 Qd5 26. Rfc1 Qd7 27. g4 Rxa1 28. Rxa1 f5 29. g5 hxg5 30. hxg5 f4 31. Re1 Nd5 32. Re5 Rf5 33. Qh3 1/2-1/2

[Event "Karvina op"]
[Site "Karvina"]
[Date "2010.07.04"]
[Round "2"]
[White "Misiuga, Andrzej"]
[Black "Heczko, Mieczyslaw"]
[Result "1-0"]
[WhiteElo "2200"]
[BlackElo "1920"]
[PlyCount "123"]
[EventDate "2010.07.03"]
[EventType "swiss"]
[EventRounds "9"]
[EventCountry "CZE"]
[SourceTitle "EXT 2011"]
[Source "ChessBase"]
[SourceDate "2010.11.26"]
[SourceVersion "1"]
[SourceVersionDate "2010.11.26"]
[SourceQuality "1"]

1. d4 Nf6 2. Nf3 d5 3. c4 c6 4. e3 e6 5. Nc3 Be7 6. Bd3 Nbd7 7. 0-0 0-0 8. e4 dxc4 9. Bxc4 Re8 10. Be3 b5 11. Bd3 Bb7 12. Qc2 Nf8 13. Rfd1 Qc8 14. e5 Nd5 15. Nxd5 exd5 16. Bf5 Qd8 17. Bd3 a5 18. Rac1 b4 19. Qa4 Qb6 20. Nd2 h6 21. f4 f6 22. Nf3 Rec8 23. Bf5 Rc7 24. exf6 Bxf6 25. Ne5 Re8 26. Rc5 Ra8 27. Rcc1 Re8 28. a3 Be7 29. Bf2 Bd6 30. g3 Bxe5 31. dxe5 Qa6 32. Bd3 Qa8 33. axb4 axb4 34. Qxb4 Qc8 35. Qa5 Qd7 36. Bf1 Rcc8 37. b4 Ra8 38. Qc5 Ra2 39. b5 Rc8 40. bxc6 Rxc6 41. Qb5 Rxc1 42. Rxc1 Qxb5 43. Bxb5 Rb2 44. Bc6 Bxc6 45. Rxc6 Kf7 46. f5 Rd2 47. Rc7+ Kg8 48. Bc5 Nh7 49. h4 d4 50. Rd7 d3 51. Be3 Rd1+ 52. Kf2 h5 53. Bf4 Nf8 54. Rd8 Kf7 55. Bg5 g6 56. e6+ Kg7 57. f6+ Kh7 58. e7 d2 59. Rxd2 Rh1 60. e8Q Rh2+ 61. Kg1 Rh3 62. Qf7+ 1-0

[Event "Reykjavik"]
[Site "Reykjavik"]
[Date "2008.07.22"]
[Round "9"]
[White "Misiuga, Andrzej"]
[Black "Westerinen, Heikki MJ"]
[Result "1/2-1/2"]
[WhiteElo "2180"]
[BlackElo "2376"]
[PlyCount "53"]
[EventDate "2008.07.16"]
[EventType "tourn"]
[EventRounds "9"]
[EventCountry "ISL"]
[EventCategory "3"]
[SourceTitle "CBM 125 Extra"]
[Source "ChessBase"]
[SourceDate "2008.09.01"]
[SourceVersion "1"]
[SourceVersionDate "2008.09.01"]
[SourceQuality "1"]

1. d4 c5 2. c3 e6 3. Nf3 Nf6 4. Bg5 h6 5. Bh4 Nc6 6. e3 Qb6 7. Qb3 Qxb3 8. axb3 cxd4 9. exd4 g5 10. Bg3 Ne4 11. Nbd2 Nxg3 12. hxg3 g4 13. Ne5 Nxe5 14. dxe5 d5 15. Ra4 Rg8 16. Rh5 Bd7 17. Ra5 a6 18. b4 Rb8 19. Be2 Rg6 20. Nf1 d4 21. Nh2 Rc8 22. Kd2 Bc6 23. Nxg4 Bxg2 24. f3 Be7 25. Rh2 Rxg4 26. fxg4 Be4 27. Rf2 1/2-1/2

[Event "Reykjavik"]
[Site "Reykjavik"]
[Date "2008.07.20"]
[Round "7"]
[White "Kristjansson, Atli Freyr"]
[Black "Misiuga, Andrzej"]
[Result "1-0"]
[WhiteElo "2070"]
[BlackElo "2180"]
[PlyCount "103"]
[EventDate "2008.07.16"]
[EventType "tourn"]
[EventRounds "9"]
[EventCountry "ISL"]
[EventCategory "3"]
[SourceTitle "CBM 125 Extra"]
[Source "ChessBase"]
[SourceDate "2008.09.01"]
[SourceVersion "1"]
[SourceVersionDate "2008.09.01"]
[SourceQuality "1"]

1. d4 Nf6 2. c4 c5 3. d5 b5 4. Nf3 e6 5. Bg5 exd5 6. cxd5 d6 7. e4 a6 8. a4 b4 9. Nbd2 Be7 10. Bc4 Bg4 11. Qe2 0-0 12. 0-0 h6 13. Bf4 Re8 14. h3 Bh5 15. Rfe1 Bf8 16. Qd3 g5 17. Bh2 Bg6 18. Re2 Ra7 19. Rae1 Rae7 20. Qc2 Qc7 21. Bd3 Nxd5 22. Nc4 Nf4 23. Bxf4 gxf4 24. Qd2 Bg7 25. Qxf4 Nc6 26. Re3 Ne5 27. Ncxe5 Bxe5 28. Qxh6 Bg7 29. Qf4 c4 30. Rc1 d5 31. e5 Bxd3 32. Rxd3 Qd7 33. Rd4 Qe6 34. Qg3 Kf8 35. Rg4 Qh6 36. Re1 Re6 37. Re3 Rg6 38. Ng5 d4 39. Rf3 Rxg5 40. Rxg5 c3 41. bxc3 bxc3 42. Qf4 Re7 43. h4 Bxe5 44. Qf5 Bg7 45. Qc8+ Re8 46. Qc5+ Kg8 47. g3 Re6 48. Qc8+ Kh7 49. Rxf7 Rg6 50. Qf5 Kg8 51. Rxg6 c2 52. Rgxg7+ 1-0

[Event "Reykjavik"]
[Site "Reykjavik"]
[Date "2008.07.19"]
[Round "5"]
[White "Lazarev, Vladimir"]
[Black "Misiuga, Andrzej"]
[Result "1-0"]
[WhiteElo "2482"]
[BlackElo "2180"]
[PlyCount "65"]
[EventDate "2008.07.16"]
[EventType "tourn"]
[EventRounds "9"]
[EventCountry "ISL"]
[EventCategory "3"]
[SourceTitle "CBM 125 Extra"]
[Source "ChessBase"]
[SourceDate "2008.09.01"]
[SourceVersion "1"]
[SourceVersionDate "2008.09.01"]
[SourceQuality "1"]

1. d4 e6 2. c4 f5 3. g3 Nf6 4. Bg2 d5 5. Qc2 c6 6. Nh3 Bd6 7. Nd2 0-0 8. Nf3 Qe7 9. Nf4 Ne4 10. 0-0 b6 11. Nd3 Bb7 12. Bf4 Nd7 13. Bxd6 Qxd6 14. b4 Rac8 15. c5 bxc5 16. bxc5 Qc7 17. Nfe5 Ba6 18. Nxd7 Qxd7 19. Rab1 Rb8 20. f3 Nf6 21. Rb3 Bb5 22. Qb2 Qc7 23. Rb1 Nd7 24. Nf4 Rfe8 25. Qd2 e5 26. Nxd5 cxd5 27. Rxb5 Rxb5 28. Rxb5 Qc6 29. Ra5 exd4 30. Qxd4 Rxe2 31. Bf1 Rc2 32. Rxa7 Rxc5 33. Rxd7 1-0

[Event "Reykjavik"]
[Site "Reykjavik"]
[Date "2008.07.19"]
[Round "4"]
[White "Misiuga, Andrzej"]
[Black "Sigfusson, Sigurdur Dadi"]
[Result "0-1"]
[WhiteElo "2180"]
[BlackElo "2324"]
[PlyCount "62"]
[EventDate "2008.07.16"]
[EventType "tourn"]
[EventRounds "9"]
[EventCountry "ISL"]
[EventCategory "3"]
[SourceTitle "CBM 125 Extra"]
[Source "ChessBase"]
[SourceDate "2008.09.01"]
[SourceVersion "1"]
[SourceVersionDate "2008.09.01"]
[SourceQuality "1"]

1. d4 d5 2. Nf3 Nf6 3. c4 c6 4. e3 e6 5. Bd3 Nbd7 6. b3 Ne4 7. Bxe4 dxe4 8. Nfd2 f5 9. f3 exf3 10. Qxf3 Bd6 11. Bb2 0-0 12. c5 Bc7 13. Nc3 e5 14. 0-0-0 e4 15. Qe2 Nf6 16. Nc4 Be6 17. Ne5 Qe7 18. Na4 Nd5 19. Kb1 Qg5 20. Nc4 b5 21. cxb6 axb6 22. Nc3 b5 23. Nxd5 Bxd5 24. Ne5 Ra6 25. Bc3 Rfa8 26. h4 Qe7 27. Rd2 b4 28. Bb2 Bxe5 29. dxe5 Rxa2 30. Qd1 Qa7 31. Rh3 Ra1+ 0-1

[Event "Reykjavik op 23rd"]
[Site "Reykjavik"]
[Date "2008.03.11"]
[Round "9"]
[White "Zozulia, Anna"]
[Black "Misiuga, Andrzej"]
[Result "1/2-1/2"]
[WhiteElo "2344"]
[BlackElo "2157"]
[PlyCount "58"]
[EventDate "2008.03.03"]
[EventType "swiss"]
[EventRounds "9"]
[EventCountry "ISL"]
[SourceTitle "CBM 123 Extra"]
[Source "ChessBase"]
[SourceDate "2008.05.06"]
[SourceVersion "1"]
[SourceVersionDate "2008.05.06"]
[SourceQuality "1"]

1. e4 c6 2. d4 d5 3. Nc3 dxe4 4. Nxe4 Bf5 5. Ng3 Bg6 6. Nh3 Nf6 7. Nf4 Nbd7 8. h4 e5 9. dxe5 Qa5+ 10. c3 Qxe5+ 11. Qe2 Bc5 12. Nxg6 hxg6 13. Bf4 Qxe2+ 14. Bxe2 0-0 15. h5 gxh5 16. Nxh5 Rfe8 17. Rd1 Re4 18. f3 Re6 19. Kf1 b5 20. Ng3 Nb6 21. Bd3 Nbd5 22. Bc1 Rae8 23. Ne4 Bb6 24. Nxf6+ Nxf6 25. Bg5 g6 26. Bxf6 Rxf6 27. Rh4 Rd6 28. Bc2 Red8 29. Rxd6 Rxd6 1/2-1/2

[Event "Reykjavik op 23rd"]
[Site "Reykjavik"]
[Date "2008.03.09"]
[Round "7"]
[White "Jackova, Jana"]
[Black "Misiuga, Andrzej"]
[Result "1-0"]
[WhiteElo "2375"]
[BlackElo "2157"]
[PlyCount "63"]
[EventDate "2008.03.03"]
[EventType "swiss"]
[EventRounds "9"]
[EventCountry "ISL"]
[SourceTitle "CBM 123 Extra"]
[Source "ChessBase"]
[SourceDate "2008.05.06"]
[SourceVersion "1"]
[SourceVersionDate "2008.05.06"]
[SourceQuality "1"]

1. e4 c6 2. Nc3 d5 3. Nf3 Bg4 4. h3 Bh5 5. exd5 cxd5 6. Bb5+ Nc6 7. g4 Bg6 8. Ne5 Qd6 9. d4 a6 10. Bxc6+ bxc6 11. Bf4 Qb4 12. Qd2 e6 13. 0-0 Nf6 14. h4 Qxb2 15. h5 Bb4 16. Rab1 Qxc3 17. Rxb4 Qxd2 18. Bxd2 Bxc2 19. Rc1 a5 20. Rb7 Ba4 21. Nxf7 0-0 22. Ne5 Ne4 23. Be3 Rfb8 24. Re7 Rb2 25. h6 gxh6 26. Bxh6 Kh8 27. Rg7 Nd6 28. Rd7 Ne8 29. Rc3 c5 30. Rf3 Nf6 31. Rf7 Rb1+ 32. Kg2 1-0

[Event "Reykjavik op 23rd"]
[Site "Reykjavik"]
[Date "2008.03.03"]
[Round "1"]
[White "Vavrak, Peter"]
[Black "Misiuga, Andrzej"]
[Result "1-0"]
[WhiteElo "2472"]
[BlackElo "2157"]
[PlyCount "79"]
[EventDate "2008.03.03"]
[EventType "swiss"]
[EventRounds "9"]
[EventCountry "ISL"]
[SourceTitle "CBM 123 Extra"]
[Source "ChessBase"]
[SourceDate "2008.05.06"]
[SourceVersion "1"]
[SourceVersionDate "2008.05.06"]
[SourceQuality "1"]

1. d4 Nf6 2. c4 c5 3. d5 b5 4. cxb5 a6 5. b6 Qxb6 6. Nc3 g6 7. Nf3 Bg7 8. Nd2 d6 9. e4 0-0 10. Be2 Nbd7 11. 0-0 Rb8 12. Qc2 Qc7 13. b3 e6 14. dxe6 fxe6 15. Bb2 Ne5 16. Na4 Nfd7 17. Bc4 Nb6 18. Nxb6 Rxb6 19. Rad1 Qe7 20. Be2 Rb8 21. Nc4 Nxc4 22. Bxc4 Bxb2 23. Qxb2 Bb7 24. Qe2 a5 25. Rd3 Rbd8 26. Rfd1 Kg7 27. Qb2+ Kg8 28. Qd2 Bxe4 29. Rxd6 Bd5 30. Rxd8 Rxd8 31. Qxa5 Ra8 32. Qd2 Bxc4 33. bxc4 Ra4 34. Qe2 Qf6 35. g3 Ra7 36. Rd6 Kf7 37. Rd3 Qa1+ 38. Kg2 Qxa2 39. Rd7+ Kf6 40. Qf3+ 1-0

[Event "Reykjavik CC Inv"]
[Site "Reykjavik"]
[Date "2007.09.21"]
[Round "5"]
[White "Misiuga, Andrzej"]
[Black "Thorfinnsson, Bragi"]
[Result "0-1"]
[WhiteElo "2147"]
[BlackElo "2389"]
[PlyCount "120"]
[EventDate "2007.09.17"]
[EventType "tourn"]
[EventRounds "9"]
[EventCountry "ISL"]
[SourceTitle "EXT 2008"]
[Source "ChessBase"]
[SourceDate "2007.11.25"]
[SourceVersion "1"]
[SourceVersionDate "2007.11.25"]
[SourceQuality "1"]

1. Nf3 Nf6 2. g3 d5 3. Bg2 c6 4. 0-0 Bf5 5. d3 h6 6. Be3 e6 7. c4 Nbd7 8. Qb3 Qb8 9. cxd5 exd5 10. Nc3 Bd6 11. Bd4 0-0 12. Rfc1 Re8 13. Qd1 Qd8 14. Rab1 c5 15. Bxf6 Nxf6 16. Nh4 Be6 17. d4 Rc8 18. dxc5 Bxc5 19. Nf3 Bf5 20. Ra1 Qb6 21. e3 Qxb2 22. Na4 Qb4 23. Nxc5 Rxc5 24. Qd4 Rxc1+ 25. Rxc1 Qa3 26. Qc3 Qxa2 27. Ra1 Qxf2+ 28. Kxf2 Ne4+ 29. Kg1 Nxc3 30. Rxa7 b5 31. Nd4 Bg6 32. Bf1 Rxe3 33. Nxb5 Nxb5 34. Bxb5 Rb3 35. Ra8+ Kh7 36. Be8 Rb1+ 37. Kf2 Rb2+ 38. Ke3 Rxh2 39. Rd8 Rh5 40. g4 Re5+ 41. Kf4 Re4+ 42. Kf3 Re6 43. Kf4 d4 44. Bb5 Re4+ 45. Kf3 Re3+ 46. Kf4 Re4+ 47. Kf3 Re5 48. Bc4 d3 49. Bxd3 Bxd3 50. Rxd3 g5 51. Rd7 Kg6 52. Rd6+ f6 53. Ra6 Rb5 54. Rc6 Rb3+ 55. Kg2 Rb4 56. Kg3 Rf4 57. Ra6 h5 58. gxh5+ Kxh5 59. Rb6 Kg6 60. Ra6 Re4 0-1

[Event "Reykjavik Hellir"]
[Site "Reykjavik"]
[Date "2007.06.27"]
[Round "9"]
[White "Misiuga, Andrzej"]
[Black "Gretarsson, Hjorvar Steinn"]
[Result "1-0"]
[WhiteElo "2153"]
[BlackElo "2156"]
[PlyCount "67"]
[EventDate "2007.06.20"]
[EventType "tourn"]
[EventRounds "9"]
[EventCountry "ISL"]
[EventCategory "1"]
[SourceTitle "EXT 2019"]
[Source "ChessBase"]
[SourceDate "2018.10.10"]
[SourceVersion "1"]
[SourceVersionDate "2018.10.10"]
[SourceQuality "1"]

1. c4 e6 2. Nc3 d5 3. d4 c6 4. e4 dxe4 5. Nxe4 Nf6 6. Nxf6+ Qxf6 7. Nf3 Bb4+ 8. Bd2 Bxd2+ 9. Qxd2 0-0 10. Bd3 Nd7 11. 0-0-0 e5 12. Ng5 g6 13. h4 h6 14. Ne4 Qg7 15. h5 g5 16. Nd6 exd4 17. Bf5 Nb6 18. Qxd4 Qxd4 19. Rxd4 Bxf5 20. Nxf5 Rad8 21. Rhd1 Rxd4 22. Rxd4 Kh7 23. b3 Re8 24. Kd2 Re6 25. g4 c5 26. Rd8 Rc6 27. Kc3 Rc7 28. Rd6 Rc6 29. Rxc6 bxc6 30. Ne7 Nd7 31. Nxc6 a6 32. Kd3 Kg7 33. Ke4 Kf6 34. Kd5 1-0